000 00782nam a2200217 4500
003 CO-ViMGA
020 _a9789588979977
040 _aCO-ViMGA
_bspa
_cCO-ViMGA
090 _aC MOR44
100 1 _aMorellón, Alejandro
_d1985
_913239
245 1 0 _aEl estado natural de las cosas
_cAlejandro Morellón
300 _a137 páginas
_b23 cm
490 _aLiteratura Random House
500 _aRecomendado para un público adulto \ Incluye datos biográficos del autor en la solapa \ Cuarto Premio Hispanoamericano de Cuento Gabriel García Márquez 2017
650 1 4 _aAutores Españoles
_91477
650 1 4 _aÇ
_913240
650 1 4 _aLiteratura Española
_ySiglo Xxi
_98569
650 1 4 _aNovela Española
_ySiglo Xxi
_913241
650 1 4 _aVida Cotidiana - Cuento
_913242
942 _2ddc
_cBK
999 _c9602
_d9602